000 00854cab a22001935a 4500
001 L146691
008 090213e20090213xxkad f s 000 0 eng d
035 _a(Sirsi) u146691
041 0 _aeng
100 1 _aLever, Jon
245 0 0 _aAPC advice
260 _c2009
490 0 _aProperty Week
_v75(7) 13 February 2009, 46(1)
520 _aDiscusses the preparation a supervisor should undertake for the 15-month review. Cautions supervisors from rewriting their candidate's critical analysis report, which assessors expect to be in the candidate's own words. In any case, this will usually become apparent at the interview. Supervisors should ask the candidate to rewrite the report.
590 _aKA
651 4 _aUnited Kingdom
_y
690 _aCAREERS, EDUCATION AND TRAINING-QUALIFICATION ROUTES-ASSESSMENT OF PROFESSIONAL COMPETENCE
942 _n0
999 _c81248
_d81248